Αστυνομική ιστορία

Saved in:
Bibliographic Details
Main Author: Kertész, Imre, 1929-2016
Other Authors: Τσόκα, Κατερίνα (trlf [Μεταφράστρια])
Format: Book
Language:Greek
German
Published: [Αθήνα] : Κέδρος, 2007.
Series:Ξένη πεζογραφία (Κέδρος)
Subjects:
Tags: Add Tag
No Tags, Be the first to tag this record!

MARC

LEADER 00000cam a2200000 i 4500
001 1/98290
008 081126s2007 gr | ||| |||| ||gre||
020 |a 9789600434651 
035 |l 10102038 
040 |a GR-MyUA  |b gre  |e AACR2 
041 1 |a gre  |h ger 
082 0 |a 894.51133  |2 (22) 
100 1 |a Kertész, Imre,   |d 1929-2016. 
245 1 0 |a Αστυνομική ιστορία /   |c Ίμρε Κέρτες ; μετάφραση Κατερίνα Τσόκα.  
260 |a [Αθήνα] :   |b Κέδρος,   |c 2007.  
300 |a 105 σ. ;   |c 21 εκ.  
490 1 |a (Ξένη πεζογραφία)  
500 |a Μετάφραση από τα γερμανικά 
500 |a Τίτλος πρωτοτύπου: Detektivgeschichte.  
650 0 0 |a Political crimes and offenses  |x Fiction. 
650 0 0 |a Murder  |x Fiction. 
700 1 |a Τσόκα, Κατερίνα,  |e trlf [Μεταφράστρια] 
830 0 |a Ξένη πεζογραφία (Κέδρος) 
852 |a INST  |b LESVOS  |e 20081126  |h 894.51133 KER  |p 005100043577  |q 005100043577  |t BK  |y 0 
901 |a BIBL1-2008-3 
909 |a Λ  |b 157361 
970 |a ΚΑΡΑ  |b ΓΙΑΣΕΜΗ  |z 2008/11/26